နိဗ္ဗာန်ကိုသွား ဉာဏ်ရထား / (Record no. 35173)

000 -LEADER
fixed length control field 00962nam a22002057a 4500
005 - DATE AND TIME OF LATEST TRANSACTION
control field 20241101140832.0
008 - FIXED-LENGTH DATA ELEMENTS--GENERAL INFORMATION
fixed length control field 240531b ||||| |||| 00| 0 eng d
040 ## - CATALOGING SOURCE
Transcribing agency SSBUL
041 ## - LANGUAGE CODE
Language code of text/sound track or separate title Myanmar
082 ## - DEWEY DECIMAL CLASSIFICATION NUMBER
Edition number 23
Classification number ၂၉၄.၃၄၄၃ ဉာ
Item number ၁၂၂၂၈ S-UOK
100 0# - MAIN ENTRY--PERSONAL NAME
Personal name ဉာဏ၊ အသျှင်။
9 (RLIN) 42511
245 10 - TITLE STATEMENT
Title နိဗ္ဗာန်ကိုသွား ဉာဏ်ရထား /
Statement of responsibility, etc. အသျှင်ဉာဏ။
260 ## - PUBLICATION, DISTRIBUTION, ETC.
Place of publication, distribution, etc. မန္တလေး ၊
Name of publisher, distributor, etc. ရတနာသီရိစာပုံနှိပ်တိုက်၊
Date of publication, distribution, etc. ၁၉၆၇။
264 ## - PRODUCTION, PUBLICATION, DISTRIBUTION, MANUFACTURE, AND COPYRIGHT NOTICE
Place of production, publication, distribution, manufacture မန္တလေး ၊
Name of producer, publisher, distributor, manufacturer အောင်ဇေယျစာပေ၊
Date of production, publication, distribution, manufacture, or copyright notice [ခုနှစ်မပါ]။
300 ## - PHYSICAL DESCRIPTION
Extent ၂၉၆ စာမျက်နှာ ၊
Dimensions ၁၈ စင်တီ။
500 ## - GENERAL NOTE
General note S-UOK: U Ohn Kyaw
General note <br/>S-SL: U San Lwin Collection<br/>S-SAT: Dr. Sai Aung Tun
650 ## - SUBJECT ADDED ENTRY--TOPICAL TERM
Topical term or geographic name entry element ဗုဒ္ဓတရားတော်
942 ## - ADDED ENTRY ELEMENTS (KOHA)
Source of classification or shelving scheme
Koha item type Book (Short term)
Holdings
Withdrawn status Lost status Source of classification or shelving scheme Damaged status Not for loan Collection code Permanent Location Current Location Shelving location Date acquired Total Checkouts Full call number Barcode Date last seen Price effective from Koha item type Accession Date last checked out
          Special Collections Shan State Buddhist University Library Shan State Buddhist University Library Special Collection Shelves 31/05/2024   ၂၉၄.၃၄၄၃ ဉာ ၁၂၂၂၈ S-UOK MB00012228 31/05/2024 31/05/2024 Book (Short term) ၁၂၂၂၈ S-UOK  
          Special Collections Shan State Buddhist University Library Shan State Buddhist University Library Special Collection Shelves 31/05/2024   ၂၉၄.၃၄၄၃ ဉာ ၉၀၉၄ S-SAT MB00009094 29/08/2024 31/05/2024 Book (Short term) ၉၀၉၄ S-SAT  
          Special Collections Shan State Buddhist University Library Shan State Buddhist University Library Special Collection Shelves 31/05/2024 1 ၂၉၄.၃၄၄၃ ညာ ၇၄၈၀ S-SL MB00007480 26/12/2025 31/05/2024 Book (Short term) ၇၄၈၀ S-SL 23/12/2025

Library - 09407999929
Admin Office - 09407999979
Dean Office - 09250910768
Registrar Office - 09892297154
Email - [email protected]
Shan State Buddhist University, Phaya Phyu Taunggyi, Shan State, Myanmar.